5 światowych stolic na mapie w 15 sekund - Statystyki

Ogólne statystyki
  • Ten quiz został rozwiązany 156 razy
  • Średni wynik to 2 z 5
Odpowiedzi na mapie
Odpowiedzi zakodowano w zielono-czerwonej skali na mapie do tego quizu, zgodnie z poniższymi procentami.
 
Statystyki odpowiedzi
stolica % Poprawnych
Algier
100%
Amsterdam
100%
Andora
100%
Antananarywa
100%
Berlin
100%
Berno
100%
Bogota
100%
Bruksela
100%
Dublin
100%
Kair
100%
Kiszyniów
100%
Konakry
100%
Kopenhaga
100%
Lizbona
100%
Londyn
100%
Lublana
100%
Madryt
100%
Managua
100%
Meksyk
100%
Mińsk
100%
Montevideo
100%
Moskwa
100%
Nowe Delhi
100%
Oslo
100%
Ottawa
100%
Quito
100%
Reykjavík
100%
Rijad
100%
Ryga
100%
Rzym | Watykan
100%
San José
100%
Tunis
100%
Warszawa
100%
Waszyngton
100%
Wiedeń
100%
Kijów
75%
Georgetown
67%
Panama
67%
Pekin
67%
Santiago
67%
Valletta
67%
Ateny
50%
Bukareszt
50%
Caracas
50%
Harare
50%
Lima
50%
Paryż
50%
Pretoria, Kapsztad lub Bloemfontein
50%
Prisztina
50%
Tajpej
50%
Tirana
50%
Vaduz
50%
Aszchabad
33%
Brazzaville
33%
Budapeszt
33%
Dhaka
33%
Wientian
33%
Bamako
25%
Teheran
25%
Abudża
0%
Abu Zabi
0%
Addis Abeba
0%
Akra
0%
Amman
0%
Ankara
0%
Apia
0%
Asmara
0%
Asunción
0%
Bagdad
0%
Baku
0%
Bandar Seri Begawan
0%
Bandżul
0%
Bangi
0%
Bangkok
0%
Basseterre
0%
Bejrut
0%
Belgrad
0%
Belmopan
0%
Bissau
0%
Biszkek
0%
Brasília
0%
Bratysława
0%
Bridgetown
0%
Buenos Aires
0%
Canberra
0%
Castries
0%
Chartum
0%
Colombo
0%
Dakar
0%
Damaszek
0%
Dili
0%
Dodoma
0%
Doha
0%
Duszanbe
0%
Dżakarta
0%
Dżibuti
0%
Dżuba
0%
Erywań
0%
Freetown
0%
Funafuti
0%
Gaborone
0%
Gitega
0%
Gwatemala
0%
Hanoi
0%
Hawana
0%
Helsinki
0%
Honiara
0%
Islamabad
0%
Jamusukro
0%
Jaunde
0%
Jerozolima
0%
Kabul
0%
Kampala
0%
Katmandu
0%
Kigali
0%
Kingston
0%
Kingstown
0%
Kinszasa
0%
Kuala Lumpur
0%
Kuwejt
0%
La Paz lub Sucre
0%
Libreville
0%
Lilongwe
0%
Lomé
0%
Luanda
0%
Luksemburg
0%
Lusaka
0%
Majuro
0%
Malabo
0%
Male
0%
Manama
0%
Manila
0%
Maputo
0%
Maseru
0%
Maskat
0%
Mbabane
0%
Mogadiszu
0%
Monako
0%
Monrovia
0%
Moroni
0%
Nairobi
0%
Nassau
0%
Nawakszut
0%
Naypyidaw
0%
Ndżamena
0%
Ngerulmud
0%
Niamey
0%
Nikozja
0%
Nuku'alofa
0%
Nur-Sułtan
0%
Palikir
0%
Paramaribo
0%
Phnom Penh
0%
Pjongjang
0%
Podgorica
0%
Port-au-Prince
0%
Port Louis
0%
Port Moresby
0%
Port-of-Spain
0%
Porto-Novo lub Cotonou
0%
Port Vila
0%
Praga
0%
Praia
0%
Rabat
0%
Roseau
0%
Saint George's
0%
Saint John’s
0%
Sana
0%
San Marino
0%
San Salvador
0%
Santo Domingo
0%
São Tomé
0%
Sarajewo
0%
Seul
0%
Singapur
0%
Skopje
0%
Sofia
0%
Suva
0%
Sztokholm
0%
Tallinn
0%
Tarawa
0%
Taszkent
0%
Tbilisi
0%
Tegucigalpa
0%
Thimphu
0%
Tokio
0%
Trypolis
0%
Ułan Bator
0%
Victoria
0%
Wagadugu
0%
Wellington
0%
Wilno
0%
Windhuk
0%
Yaren
0%
Zagrzeb
0%
Nie znaleziono quizów pasujących do podanych kryteriów
Rozkład punktacji
Procent ludzi z każdym wynikiem
Percentyl według liczby udzielonych odpowiedzi
Twoja historia wyników
Nie rozwiązałeś tego quizu